| 000 | 00619 a2200193 4500 | ||
|---|---|---|---|
| 020 | _a0849323789 | ||
| 020 | _a9780849323782 | ||
| 082 | 0 | 4 | _a537.6 |
| 090 |
_c167 _d167 |
||
| 100 | 1 | _aHartemann, Frederic V. | |
| 245 | 1 | 0 |
_aHigh-field electrodynamics / _cFrederic V. Hartemann. |
| 250 | _a1st ed. | ||
| 260 |
_a[S.l.] : _bCRC Press, _c2001. |
||
| 300 |
_a688 p. ; _c25 cm. |
||
| 490 | 1 | _aPure and applied physics. | |
| 830 | 0 | _aPure and applied physics. | |
| 942 |
_aSNS _cBK _k537.6 HAR |
||
| 999 |
_c28805 _d28805 |
||